000 00648nam a22002057a 4500
999 _c6599
_d6599
003 AR-CdUCM
008 190318b ||||| |||| 00| 0 spa d
040 _aMUNICIPALIDAD PROVINCIAL DEL CUSCO
_cBIBLIOTECA MUNICIPAL DEL CUSCO
082 _a413 /
_bR31
110 _aReal Academia Española
_918572
245 _aDiccionario de la lengua Española /
260 _aPerú :
_bQ.W. Editores ,
_c2005.
300 _a128 páginas ;
_c27.5 cm.
440 _aDicconario de la Lengua Española
_918573
650 _aDiccionario Español
_918574
650 _aLengua Española
_91124
650 _aDiccionario
_95196
942 _2ddc
_cLIBROS
945 _artm